| 000 | 00541nam a2200157Ia 4500 | ||
|---|---|---|---|
| 008 | 220216s9999 xx 000 0 und d | ||
| 100 | _aDatta B | ||
| 245 | 0 | _aRubber based multispecies cropping system under rainfed condition of North East India | |
| 260 | _bPLACROSYM XIX, 7-10 December 2010, Kottayam. Climate Change. 19th Biennial Symposium on Plantation Crops. Abstracts.pp.115-116. | ||
| 650 | _aCropping system | ||
| 650 | _aIntercropping | ||
| 650 | _aNorth East India | ||
| 700 | _aDey S K | ||
| 700 | _aNair N U | ||
| 942 | _cJS | ||
| 999 |
_c67470 _d67470 |
||